Welcome to University of Cape Coast Library, Online Public Access Catalogue (OPAC)

Contemporary sociological theory / (Record no. 32037)

MARC details
000 -LEADER
fixed length control field 01548cam a2200373 a 4500
001 - CONTROL NUMBER
control field 14457233
005 - DATE AND TIME OF LATEST TRANSACTION
control field 20220304164527.0
008 - FIXED-LENGTH DATA ELEMENTS--GENERAL INFORMATION
fixed length control field 060718s2007 maua b 001 0 eng
010 ## - LIBRARY OF CONGRESS CONTROL NUMBER
LC control number 2006023488
020 ## - INTERNATIONAL STANDARD BOOK NUMBER
International Standard Book Number 140514856X (pbk. : alk. paper)
020 ## - INTERNATIONAL STANDARD BOOK NUMBER
International Standard Book Number 9781405148566 (pbk. : alk. paper)
035 ## - SYSTEM CONTROL NUMBER
System control number (OCoLC)ocm70707767
035 ## - SYSTEM CONTROL NUMBER
System control number (OCoLC)70707767
040 ## - CATALOGING SOURCE
Original cataloging agency DLC
Transcribing agency DLC
Modifying agency BAKER
-- C#P
-- YDXCP
-- BTCTA
-- NLGGC
-- DLC
050 00 - LIBRARY OF CONGRESS CALL NUMBER
Classification number HM447
Item number .C66 2007
082 00 - DEWEY DECIMAL CLASSIFICATION NUMBER
Classification number 301.01
Edition number 22
084 ## - OTHER CLASSIFICATION NUMBER
Classification number 71.00
Number source bcl
245 00 - TITLE STATEMENT
Title Contemporary sociological theory /
Statement of responsibility, etc. edited by Craig Calhoun ... [et al.].
250 ## - EDITION STATEMENT
Edition statement 2nd ed.
260 ## - PUBLICATION, DISTRIBUTION, ETC.
Place of publication, distribution, etc. Malden, MA :
Name of publisher, distributor, etc. Blackwell Pub.,
Date of publication, distribution, etc. 2007.
300 ## - PHYSICAL DESCRIPTION
Extent xii, 489 p. :
Other physical details ill. ;
Dimensions 25 cm.
500 ## - GENERAL NOTE
General note Complements Classical sociological theory.
504 ## - BIBLIOGRAPHY, ETC. NOTE
Bibliography, etc. note Includes bibliographical references and index.
650 #0 - SUBJECT ADDED ENTRY--TOPICAL TERM
Topical term or geographic name entry element Sociology
General subdivision History
Chronological subdivision 20th century.
9 (RLIN) 64175
650 #0 - SUBJECT ADDED ENTRY--TOPICAL TERM
Topical term or geographic name entry element Sociology
General subdivision Philosophy.
9 (RLIN) 64176
700 1# - ADDED ENTRY--PERSONAL NAME
Personal name Calhoun, Craig J.,
Dates associated with a name 1952-
9 (RLIN) 4118
730 0# - ADDED ENTRY--UNIFORM TITLE
Uniform title Classical sociological theory.
9 (RLIN) 64177
856 41 - ELECTRONIC LOCATION AND ACCESS
Materials specified Table of contents only
Uniform Resource Identifier <a href="http://www.loc.gov/catdir/toc/ecip0618/2006023488.html">http://www.loc.gov/catdir/toc/ecip0618/2006023488.html</a>
856 42 - ELECTRONIC LOCATION AND ACCESS
Materials specified Contributor biographical information
Uniform Resource Identifier <a href="http://www.loc.gov/catdir/enhancements/fy0827/2006023488-b.html">http://www.loc.gov/catdir/enhancements/fy0827/2006023488-b.html</a>
856 42 - ELECTRONIC LOCATION AND ACCESS
Materials specified Publisher description
Uniform Resource Identifier <a href="http://www.loc.gov/catdir/enhancements/fy0827/2006023488-d.html">http://www.loc.gov/catdir/enhancements/fy0827/2006023488-d.html</a>
906 ## - LOCAL DATA ELEMENT F, LDF (RLIN)
a 7
b cbc
c orignew
d 1
e ecip
f 20
g y-gencatlg
942 ## - ADDED ENTRY ELEMENTS (KOHA)
Source of classification or shelving scheme Library of Congress Classification
Koha item type Books
Holdings
Lost status Collection code Home library Shelving location Date acquired Total Checkouts Full call number Barcode Date last seen Koha item type
  Reference UCC Main Library   07/31/2019   HM447.C76 232656 07/31/2019 Books
Koha©2022 UCC.All Right Reserved.Site Developed by Sam Jonah Library IT Team
<Home | Contact | Library publications |Research Tools | Research Guides |https://ucclivechat.library-gh.net/index.php/chat

If you have questions or concern please contact the Library.



PMB, University of Cape Coast

KOHA HOME